| 000 | 00000nam##2200000za#4500 |
| 001 | 9.570844 |
| 003 | CaOODSP |
| 005 | 20210624182434 |
| 007 | cr ||||||||||| |
| 008 | 150406|2008||||xxc|||||o f|0| 0 eng|d |
| 022 | |a1919-5087 |
| 040 | |aCaOODSP|beng |
| 043 | |an-cn--- |
| 086 | 1 |aFs70-6/2008-037E-PDF |
| 110 | 1 |aCanada. |bDepartment of Fisheries and Oceans. |bQuebec Region. |
| 245 | 10|aAssessment of the Estuary and Gulf of St. Lawrence (divisions 4RST) capelin stock |h[electronic resource] |
| 260 | |aMont-Joli - Quebec : |bFisheries and Oceans Canada. |cJuly 2008. |
| 300 | |a12p.|bcoloured maps, graphs, references, tables, photographs |
| 490 | 1 |aCanadian Science Advisory Secretariat science advisory report |x1919-5087|v2008/037, Quebec Region |
| 590 | |a11-21-Supp|b2011-09-30 |
| 775 | 08|tÉvaluation du stock de capelan de l'estuaire et du golfe du Saint-Laurent (divisions 4RST) |w(CaOODSP)9.601488 |
| 830 | #0|aScience advisory report (Canadian Science Advisory Secretariat)|x1919-5087|v2008/037, Quebec Region|w(CaOODSP)9.506226 |
| 856 | 40|ahttp://publications.gc.ca|qPDF|s803 KB|uhttps://publications.gc.ca/collections/collection_2011/mpo-dfo/Fs70-6-2008-037-eng.pdf|y2008/037, Quebec Region |